• 首页
  • 本馆介绍
  • 公告通知
  • 最新文献
  • 馆藏检索
  • 电子资源
  • 读者导购
  • 参考咨询
  • 我的图书馆
  • 登录
  • 详细信息显示
  • 放入我的书架
  • 预约/预借图书
  • 作者相关作品
  • 分类相关作品
  • 丛书相关作品
  • 出版社相关作品

书目信息

  • 表格格式
  • 工作单格式
  • 卡片格式
题名:
陶瓷设计
    
 
作者: 李正安 编著
分册:  
出版信息: 杭州   中国美术学院出版社  2002
页数: 226页
开本: 26cm
丛书名: 中国艺术教育大系
单 册:
中图分类: J527
科图分类:
主题词: 陶瓷--造型设计--高等教育--教材
电子资源:
ISBN: 7-81019-929-3
000 00845oam2 2200253 450
001 0709000057
005 20070531105831.04
010    @a7-81019-929-3@dCNY38.00
100    @a20020510e20062002em y0chiy0110 ea
101 0  @achi
102    @aCN@b330000
105    @aa z 000yy
200 1  @a陶瓷设计@Atao ci she ji@f李正安编著
210    @a杭州@c中国美术学院出版社@d2002@h2006
215    @a226页@c图@d26cm
225 2  @a中国艺术教育大系@i美术卷
300    @a高等艺术教育“九五”部级教材
330    @a本教材整合了有关陶瓷设计各个方面的理论,既总结了前人在该领域内设计活动的经验,也包括了近年来从事陶瓷设计与教学的专家学者的体会。
462  0 @12001 @a中国艺术教育大系@i美术卷
606 0  @a陶瓷@x造型设计@x高等教育@j教材
690    @aJ527@v4
701  0 @a李正安@Ali zheng an@4编著
801  0 @aCN@bNLC@c20070531
905    @a10447@dJ527@e221
    
    陶瓷设计/李正安编著.-杭州:中国美术学院出版社,2002(2006)
    226页:图;26cm.-(中国艺术教育大系.美术卷)
    高等艺术教育“九五”部级教材
    
    ISBN 7-81019-929-3:CNY38.00
    本教材整合了有关陶瓷设计各个方面的理论,既总结了前人在该领域内设计活动的经验,也包括了近年来从事陶瓷设计与教学的专家学者的体会。
●
相关链接 在E读中查询图书 在五车中查询图书 在当当中查询图书 在豆瓣中查询图书


正题名:陶瓷设计     索取号:J527/221         预约/预借

序号 登录号 条形码 馆藏地/架位号 状态 备注
1 0523822   205238223   第一样本阅览室/ [索取号:J527/221] 在馆    
2 0523823   205238232   第一借阅区/ [索取号:J527/221] 在馆    
3 0523824   205238241   第一借阅区/ [索取号:J527/221] 在馆    
唐山师范学院图书馆 欢迎您!
大连网信软件有限公司© 版权所有